000 01122cab a2200409 4500
001 ABS51535
008 090401t1994 xxu||||| |||| 00| 0 eng d
035 _a(Sirsi) u32276
041 _aeng
245 _aEstates Times survey: Hampshire & Dorset
260 _c1994
350 _a0
490 _aEstates Times
_v(1253) 14 October 1994, 9-27(18)
650 _aALTON
650 _aANDOVER
650 _aBASINGSTOKE
650 _aBLACKWATER VALLEY
650 _aBOURNEMOUTH
650 _aBROWN LAND
650 _aCONTAMINATED LAND
650 _aDORSET
650 _aEASTLEIGH AIRPORT
650 _aHAMPSHIRE
650 _aINDUSTRIAL MARKET
650 _aMOD SITES
650 _aPROPERTY-COMMERCIAL PROPERTY-OFFICE PROPERTY-OFFICE PROPERTY MARKET
650 _aPETERSFIELD
650 _aPORTS
650 _aPORTSMOUTH
650 _aPROPERTY-COMMERCIAL PROPERTY-RETAIL PROPERTY-RETAIL PROPERTY MARKET
650 _aSOUTHAMPTON
650 _aWEYMOUTH
650 _aWINCHESTER
690 _aPROPERTY-COMMERCIAL PROPERTY-COMMERCIAL PROPERTY MARKET
942 _n0
948 _c04/03/1997
999 _c21662
_d21662